Statistiques concernant Football : Les 20 plus gros transferts de la Ligue 1 !

Cliquez ici pour prendre le quiz!

Statistiques générales

  • Ce quiz a été pris 12 374 fois
  • Le résultat moyen est 9 sur 20

Statistiques - réponses

ClassementMontant du transfert (en euros)Club de départClub d'arrivéeJoueurs% Correct
164 000 000NaplesParis Saint GermainEdinson Cavani
93%
542 000 000Milan ACParis Saint GermainThiago Silva
82%
260 000 000Atletico MadridMonacoRadamel Falcao
79%
349 500 000ChelseaParis Saint GermainDavid Luiz
78%
642 000 000PalermeParis Saint GermainJavier Pastore
70%
445 000 000PortoMonacoJames Rodriguez
59%
1620 000 000Milan ACParis Saint GermainZlatan Ibrahimovic
59%
1421 400 000Atletico ParanaenseRennesSeverino Lucas
52%
931 400 000AS RomaParis Saint GermainMarquinhos
51%
1026 000 000NaplesParis Saint GermainEzequiel Lavezzi
50%
1322 000 000BordeauxLyonYoann Gourcuff
50%
1918 000 000ToulouseMarseilleAndré-Pierre Gignac
41%
740 000 000Sao PauloParis Saint GermainLucas Moura
41%
1224 000 000PortoLyonLisandro Lopez
29%
1520 000 000NewcastleParis Saint GermainYohan Cabaye
28%
1125 000 000PortoMonacoJoao Moutinho
26%
1818 000 000LilleLyonMichel Bastos
20%
833 500 000Real MadridParis Saint GermainNicolas Anelka
17%
2018 000 000LilleLyonKader Keita
12%
1719 800 000RennesMonacoShabani Nonda
7%

Distribution des résultats

Percentile par nombre de réponses

% des personnes avec chaque résultat

Votre développement - résultats

Vous n’avez pas pris ce quiz